00471nam a2200121Ia 4500008004100000245015900041260003500200260000900235300000800244500001800252650001300270856006600283170516s9999 xx 000 0 und d aFormulation and development of self-microemulsifying drug delivery system of pioglitazone Jyotsana R. Madan, Bandavane Sudarshan, Vinod S. Kadam, Dua Kama bAsian Journal of Pharmaceutics c2014 a8:1 aJanuary-March xPharmacy uhttp://www.asiapharmaceutics.info/index.php/ajp/issue/view/47